Vládca sveta činohra v 4. dejstvách

Podrobná bibliografia
Hlavný autor: Junosza, Juraj (Autor)
Médium: Kniha
Jazyk:angličtina
PhysicalDescription:44 s.
Vydavateľské údaje: Trnava Posol 1942

MARC

LEADER 00000nam a2200000 a 4500
001 vtls008158466
003 SK-MaSNL
005 20260302074026.0
008 240314 xo 000 0 eng
040 |a SNK  |b slo  |c SNK  |e AACR2 
044 |a xo  |c SK 
100 1 |a Junosza, Juraj  |4 aut  |9 739149 
245 1 0 |a Vládca sveta  |b činohra v 4. dejstvách 
260 |a Trnava  |b Posol  |c 1942 
300 |a 44 s. 
999 |c 1163301  |d 1165231 
952 |a SNK  |b SNK  |y PREZ  |7 0  |p 17A0469798  |o snkSD 11345  |i snk1271/56  |3 rekatalogizácia  |0 0  |1 0  |4 0  |d 2005-06-06  |l 0  |r 2025-11-25 00:00:00  |w 2026-02-24